MotoGP #pilotos españoles - Estadísticas

Estadísticas generales
  • Esta prueba ha sido intentada 305 veces
  • La puntuación promedio es 27 de 82
Estadísticas de respuestas
Pilotos % Correcto
Marc Marquez
100%
Alex Marquez
99%
Jorge Lorenzo
91%
Dani Pedrosa
84%
Aleix Espargaro
81%
Pol Espargaro
80%
Jorge Martin
79%
Pedro Acosta
78%
Angel Nieto Jr
70%
Joan Mir
70%
Maverick Viñales
69%
Alex Rins
65%
Raul Fernandez
65%
Adrian Martin
63%
Augusto Fernandez
60%
Isaac Viñales
60%
Alex Crivillé
59%
Fermin Aldeguer
57%
Fonsi Nieto
56%
Pablo Nieto
55%
Adrian Fernandez
54%
Alvaro Bautista
51%
Sergio Garcia
47%
Aron Canet
45%
Alonso Lopez
43%
Manuel Gonzalez
41%
Sete Gibernau
38%
Jaume Masia
37%
Esteve Rabat
35%
Carlos Checa
34%
Axel Pons
32%
Edgar Pons
31%
Miquel Pons
31%
David Checa
28%
Izan Guevara
28%
José Rueda
28%
Toni Elias
28%
Albert Arenas
27%
Daniel Holgado
27%
David Munoz
26%
Hector Barbera
25%
Marcos Ramirez
25%
Nicolas Terol
25%
Vincente Perez
25%
Jorge Navarro
23%
Juan Francisco Guevara
23%
Luis Salom
23%
Ivan Ortola
21%
Julian Simon
21%
Angel Piqueras
20%
David Almansa
20%
Iker Lecuona
19%
Alex Escrig
18%
Angel Rodriguez
18%
Xavier Artigas
18%
Ana Carrasco
17%
Emilio Alzamora
17%
Efren Vazquez
16%
Jordi Torres
16%
Maria Herrera
15%
Jeremy Alcoba
14%
Ricard Cardus
13%
Manuel Hernandez
12%
Ruben Xaus
11%
Hector Faubel
10%
Oscar Gutierrez
10%
Xavi Zurutuza
10%
Carlos Tatay
9%
Sergio Gadéa
9%
Xavi Vierge
9%
Joel Esteban
8%
Alex Debon
6%
Joan Olivé
6%
José Luis Cardoso
6%
David Salvador
5%
Hector Garzo
5%
Alberto Moncayo
3%
José David de Géa
2%
Arturo Tizon
1%
Elena Rossell
1%
Raul Jara
1%
Jordi Cachano
0%
No se encontraron pruebas coincidentes
Distribución de puntuación
Porcentaje de gente con cada puntuación
Porcentaje por número respondido
Historial de tus puntuaciones
No has intentado esta prueba.